Statistiques concernant Mots cachés n°19

Cliquez ici pour prendre le quiz!

Statistiques générales

  • Ce quiz a été pris 93 fois
  • Le résultat moyen est 24 sur 25

Statistiques - réponses

QuestionTuileSelect% Correct
poire, rire, patin et file.GNon
100%
poire, rire, patin et file.ROui
100%
poire, rire, patin et file.SNon
100%
poire, rire, patin et file.SNon
100%
poire, rire, patin et file.ENon
99%
poire, rire, patin et file.FOui
99%
poire, rire, patin et file.LNon
99%
poire, rire, patin et file.EOui
98%
poire, rire, patin et file.IOui
98%
poire, rire, patin et file.IOui
98%
poire, rire, patin et file.ONon
98%
poire, rire, patin et file.UNon
98%
poire, rire, patin et file.NNon
97%
poire, rire, patin et file.ONon
97%
poire, rire, patin et file.ROui
97%
poire, rire, patin et file.EOui
95%
poire, rire, patin et file.LOui
95%
poire, rire, patin et file.POui
95%
poire, rire, patin et file.ROui
95%
poire, rire, patin et file.TOui
95%
poire, rire, patin et file.AOui
94%
poire, rire, patin et file.EOui
94%
poire, rire, patin et file.NOui
93%
poire, rire, patin et file.OOui
93%
poire, rire, patin et file.RNon
93%

Distribution des résultats

Percentile par nombre de réponses

% des personnes avec chaque résultat

Votre développement - résultats

Vous n’avez pas pris ce quiz